00420nam a2200133Ia 4500008004100000020001800041050001800059100002500077245006800102260002000170300002000190650003700210700003900247120720s9999 xx 000 0 und d a968-444-183-5 aPN41 C67 1997 aCORREA PEREZ, ALICIA aLITERATURA UNIVERSAL / ALICIA CORREA PEREZ, ARTURO OROZCO TORRE aMEXICO ALHAMBRA a583 P. / 24 CM. aLITERATURA -- HISTORIA Y CRITICA aOROZCO TORRE, ARTURO, COAUT.ÌÌ